000 01148nab a2200253 4500
003 AR-RoBPED
005 20260429135025.0
008 260429b |||||||| |||| 00| 0 spa d
040 _aAR-RoBPED
041 _aspa
100 1 _aMagnin, Laura A.
_930807
_eLicenciada en Educación Inicial
245 1 _aExperiencias lúdicas en la formación docente /
260 _aBuenos Aires :
_bNoveduc,
_c2023
300 _a11-13 p.
500 _aLa autora destaca la importancia del juego a lo largo de la vida y particularmente se detiene en la educación inicial. También sostiene que es fundamental en el proceso de formación de los docentes animarse a jugar y descubrir diferentes tipos de juegos.
650 7 _aEXPERIENCIAS EDUCACIONALES
_918339
650 7 _aPROCESO ENSEÑANZA-APRENDIZAJE
_915747
650 7 _aEDUCACION DE LA PRIMERA INFANCIA
_91396
650 7 _aFORMACION DE DOCENTES
_91259
650 7 _aJUEGOS EDUCATIVOS
_9376
773 0 _020414
_940098
_dBuenos Aires : Noveduc, 1993-
_tNovedades Educativas
_w(AR-RoBPED)20414
_x03283534
942 _2udc
_cREV
_h37(05)
_mNov 86 N° 393 (Dic.2023)
_ak.32666
945 _amar 04/2026
999 _c32666
_d32666